| 000 | 00675nam a2200241 i 4500 | ||
|---|---|---|---|
| 001 | 13894 | ||
| 003 | ES-MaACL | ||
| 005 | 20250523062552.0 | ||
| 007 | t| | ||
| 008 | 980731s1998 sp ||||1| spa d | ||
| 020 | _a84-85708-49-0 | ||
| 080 | _a821.134.2-92"19" | ||
| 100 | 1 |
_aGarcía Calvo, Agustín, _d1926-2012 _eaut _9233841 |
|
| 245 | 1 | 0 |
_aQue no, que no / _cAgustín García Calvo. |
| 250 | _a1ª ed. | ||
| 260 |
_aZamora : _bLucina, _c1998. |
||
| 300 |
_a359 p. ; _c19 cm. |
||
| 490 | 1 | _aPolítica | |
| 830 | 0 |
_aPolítica _9179560 |
|
| 852 |
_aES-MaACL _jL-21152 _bR.126662 _q. - Ded. autógr. del autor |
||
| 942 | _2udc | ||
| 999 |
_c13894 _d13894 |
||